000 00339nam a22001577a 4500
005 20160629120218.0
008 160629b xxu||||| |||| 00| 0 eng d
020 _a11014
041 _aeng
100 _aBhattacharya, Sukal
_93150
245 _aChar patra
260 _bKanein
300 _a64
650 _aManagement
_9241
942 _cBK
999 _c4616
_d4614